Guia metodológica para la preparación del juego de balonmano en la escuela : programa d'expansió / Diputació de Barcelona. Servei d'Esports ; Federació Catalana d'Handbol programa d'expansió / Diputació de Barcelona. Servei d'Esports ; Federació Catalana d'Handbol
Descripción Física:
[sense paginar] ; 29,5 cm
Materias:
Handbol -- Manuals, guies, etc.
MARC
| LEADER | 00000nam a2200000Ia 4500 | ||
|---|---|---|---|
| 001 | 17197 | ||
| 008 | 160829s9999 xx 000 0 cat d | ||
| 080 | |a FOL-2-112 | ||
| 245 | |a Guia metodológica para la preparación del juego de balonmano en la escuela : |b programa d'expansió / Diputació de Barcelona. Servei d'Esports ; Federació Catalana d'Handbol | ||
| 260 | |a Barcelona : |b Diputació de Barcelona. Servei d'Esports, [s. a.] | ||
| 300 | |a [sense paginar] ; |c 29,5 cm | ||
| 650 | |a Handbol |x Manuals, guies, etc. |9 26846 | ||
| 710 | 1 | |a Barcelona (Catalunya : Província). |b Servei d'Esports |9 53772 | |
| 710 | 2 | |a Federació Catalana d'Handbol |9 56370 | |
| 901 | |a Arxiu | ||
| 942 | |n 1 | ||
| 952 | |0 0 |1 0 |4 0 |6 FOL2112 |7 1 |9 44168 |a Arxiu |b Arxiu |d 2016-12-01 |l 0 |o FOL-2-112 |p 17197 |r 2016-12-01 00:00:00 |w 2016-12-01 |y ARXIU | ||
| 999 | |c 46748 |d 46748 | ||